000 01120nam a2200385 c 4500
001 562
003 DO-SdBNP
005 20161010140057.0
007 562
008 150331s1999 sp a | |||| 001 0 spa
017 _a
_b
020 _a
_q
020 _a8423952002
_qobra completa
035 _a
040 _aBPMSU
_bspa
_cBPMSU
_e
080 _a
080 _a
082 _a709
_bS955a
100 1 _a
_4
245 1 0 _aSumma artis :
_c María Elena Gómez-Moreno ... [et al.].
_bhistoria general del arte /
260 _aMadrid :
_bEspasa-Calpe
_c1999
300 _a v. :
_bil., mapas
_c28 cm
336 _a
_2
337 _a
_2
490 1 _aSumma artis : historia general del arte
_vv. 35-/46/45
504 _aBibliografía
505 _av. 35 Pintura y escultura española.-- 46 Artes decorativas en Europa -- v.47 Las artes decorativas en España
600 _v
650 7 _a HISTORIA DEL ARTE
_y
_2
650 7 _aCRÍTICA DE ARTE
_y
_2
700 _a
830 0 _aSumma artis
_vv. 35-/46/45
942 _2ddc
_cBK
956 _a VMATEO
_b10
_c20161010
_dBPMSU
_f0069
999 _c11509
_d11509